A day with police officers / (Record no. 1806)

MARC details
000 -LEADER
fixed length control field 01215cam a22003494a 4500
001 - CONTROL NUMBER
control field 1806
003 - CONTROL NUMBER IDENTIFIER
control field FISKH
005 - DATE AND TIME OF LATEST TRANSACTION
control field 20250820091749.0
008 - FIXED-LENGTH DATA ELEMENTS--GENERAL INFORMATION
fixed length control field 000106s2000 nyua j b 001 0 eng
010 ## - LIBRARY OF CONGRESS CONTROL NUMBER
LC control number 00020654
020 ## - INTERNATIONAL STANDARD BOOK NUMBER
International Standard Book Number 0516230921
020 ## - INTERNATIONAL STANDARD BOOK NUMBER
International Standard Book Number 0516230174 (pbk.)
040 ## - CATALOGING SOURCE
Original cataloging agency DLC
Transcribing agency DLC
Modifying agency DLC
Language of cataloging eng
042 ## - AUTHENTICATION CODE
Authentication code pcc
-- lcac
050 00 - LIBRARY OF CONGRESS CALL NUMBER
Classification number HV7922
Item number .K67 2000
082 00 - DEWEY DECIMAL CLASSIFICATION NUMBER
Classification number 363.2/023/73
Edition number 21
100 1# - MAIN ENTRY--PERSONAL NAME
Personal name Kottke, Jan.
245 12 - TITLE STATEMENT
Title A day with police officers /
Statement of responsibility, etc. by Jan Kottke.
260 ## - PUBLICATION, DISTRIBUTION, ETC.
Place of publication, distribution, etc. New York :
Name of publisher, distributor, etc. Scholastic,
Date of publication, distribution, etc. 2000.
300 ## - PHYSICAL DESCRIPTION
Extent 24 pages :
Other physical details color illustrations ;
Dimensions 16 x 18 cm.
490 ## - SERIES STATEMENT
Series statement Welcome Books
505 ## - FORMATTED CONTENTS NOTE
Formatted contents note G<br/>
520 ## - SUMMARY, ETC.
Summary, etc. Illustrations and simple text describe different kinds of police officers and the work they do.
521 8# - TARGET AUDIENCE NOTE
Target audience note 420<br/>
Source Lexile<br/>
521 8# - TARGET AUDIENCE NOTE
Target audience note G<br/>
Source Raz-Plus<br/>
650 #0 - SUBJECT ADDED ENTRY--TOPICAL TERM
Topical term or geographic name entry element Police
Form subdivision Juvenile literature.
650 #1 - SUBJECT ADDED ENTRY--TOPICAL TERM
Topical term or geographic name entry element Police.
650 #1 - SUBJECT ADDED ENTRY--TOPICAL TERM
Topical term or geographic name entry element Occupations.
906 ## - LOCAL DATA ELEMENT F, LDF (RLIN)
a 7
b cbc
c orignew
d 1
e ocip
f 20
g y-gencatlg
942 ## - ADDED ENTRY ELEMENTS (KOHA)
Source of classification or shelving scheme Dewey Decimal Classification
Koha item type Books
Suppress in OPAC No
Holdings
Withdrawn status Lost status Source of classification or shelving scheme Damaged status Not for loan Collection Home library Current library Shelving location Date acquired Total Checkouts Full call number Barcode Date last seen Date last checked out Price effective from Koha item type Copy number
    Dewey Decimal Classification     Non-Fiction Footprints International School Library Network Toul Kork Campus Footprints International School Library Network Toul Kork Campus TK Primary Library Room(4th Floor), Bookcase 1&2, Shelves 1-16, Dark Blue Books 10/02/2023 2 KOT 363.202373 HV7922.K67 FISBK02168 11/27/2025 11/20/2025 10/02/2023 Books  
    Dewey Decimal Classification     Non-Fiction Footprints International School Library Network Toul Tom Poung Campus Footprints International School Library Network Toul Tom Poung Campus TTP Primary Dark Blue Bookshelves 08/20/2025   KOT 363.202373 HV7922.K67 FISTK01728 08/20/2025   08/20/2025 Books 2